Объявление. Передается Приказ Туркфронта от 28 октября 1920 г. № 594: [О требовании от лиц, поступающих на работу, документов об отношении к воинской повинности (Запись № 13007001)

Подробности
000 -МАРКЕР
контрольное поле 02512nam0a2200409 4500
001 - ИДЕНТИФИКАТОР ЗАПИСИ
контрольное поле RU\NLR\BIBL_A\012742540
005 - ИДЕНТИФИКАТОР ВЕРСИИ
контрольное поле 20260408131815.0
020 ## - НОМЕР ДОКУМЕНТА В НАЦИОНАЛЬНОЙ БИБЛИОГРАФИИ
Код страны Российская Федерация
Основное заглавие издания Российской книжной палаты Сводный каталог листовок первых лет Советской власти (25 октября (7 ноября) 1917 - 1925)
035 ## - ДРУГИЕ СИСТЕМНЫЕ НОМЕРА
Идентификатор записи (NLR Aleph) 012742540
100 ## - ДАННЫЕ ОБЩЕЙ ОБРАБОТКИ
Данные общей обработки 20220328d1920 |||y0rusy50 ca
101 0# - ЯЗЫК РЕСУРСА
Язык текста, звукозаписи и т.д. русский
102 ## - СТРАНА ПУБЛИКАЦИИ ИЛИ ПРОИЗВОДСТВА
Страна публикации Российская Федерация
105 ## - ПОЛЕ КОДИРОВАННЫХ ДАННЫХ: ТЕКСТОВЫЕ МАТЕРИАЛЫ, МОНОГРАФИЧЕСКИЕ
Кодированные данные о монографическом текстовом документе y z 000zy
135 ## - ПОЛЕ КОДИРОВАННЫХ ДАННЫХ: ЭЛЕКТРОННЫЕ РЕСУРСЫ
Кодированные данные для электронного ресурса crcn 024apada
200 1# - ЗАГЛАВИЕ И СВЕДЕНИЯ ОБ ОТВЕТСТВЕННОСТИ
Основное заглавие Объявление. Передается Приказ Туркфронта от 28 октября 1920 г. № 594: [О требовании от лиц, поступающих на работу, документов об отношении к воинской повинности
Сведения, относящиеся к заглавию листовка]
210 ## - ПУБЛИКАЦИЯ, РАСПРОСТРАНЕНИЕ И ДР.
Место издания, распространения и т.д. Андижан
Имя издателя, распространителя и т. д. Тип. СНХ
Дата издания, распространения и т.д. [1920, окт.-нояб.]
215 ## - ФИЗИЧЕСКАЯ ХАРАКТЕРИСТИКА
Специфическое обозначение материала и объем 1 с.
Размеры 19x15
300 ## - ОБЩИЕ ПРИМЕЧАНИЯ
Текст примечания Подписи: предкомдезертир Судаков; зампредкомдезертир Внучков; секретарь Минкин
325 1# - ПРИМЕЧАНИЕ О КОПИИ
Текст примечания Копия доступна в Электронной библиотеке РНБ
517 1# - ДРУГИЕ ВАРИАНТЫ ЗАГЛАВИЯ
Вариант заглавия О требовании от лиц, поступающих на работу, документов об отношении к воинской повинности
607 ## - ГЕОГРАФИЧЕСКОЕ НАИМЕНОВАНИЕ КАК ПРЕДМЕТ
Географическое наименование Туркестан
Формальный подзаголовок Листовки
Тематический подзаголовок История
Хронологический подзаголовок 1917 - 1920
Системный номер авторитетной/нормативной записи 921541
Идентификатор авторитетной/нормативной записи RU\NLR\AUTH\66337948
686 0# - ИНДЕКСЫ ДРУГИХ КЛАССИФИКАЦИЙ
Индекс Т3(2У)712-313,011
702 #1 - ИМЯ ЛИЦА - ВТОРИЧНАЯ ОТВЕТСТВЕННОСТЬ
Начальный элемент ввода Судаков
Дополнения к именам, кроме дат участник местного самоуправления, г. Андижан
Код отношения Подписавшее лицо
702 #1 - ИМЯ ЛИЦА - ВТОРИЧНАЯ ОТВЕТСТВЕННОСТЬ
Начальный элемент ввода Внучков
Дополнения к именам, кроме дат участник местного самоуправления, г. Андижан
Код отношения Подписавшее лицо
702 #1 - ИМЯ ЛИЦА - ВТОРИЧНАЯ ОТВЕТСТВЕННОСТЬ
Начальный элемент ввода Минкин
Дополнения к именам, кроме дат участник местного самоуправления, г. Андижан
Код отношения Подписавшее лицо
710 02 - НАИМЕНОВАНИЕ ОРГАНИЗАЦИИ - ПЕРВИЧНАЯ ОТВЕТСТВЕННОСТЬ
Начальный элемент ввода Туркестанский фронт
Идентифицирующий признак 1918-1926
Идентификатор авторитетной/нормативной записи RU\NLR\AUTH\880561680
Системный номер авторитетной/нормативной записи 790547
711 02 - НАИМЕНОВАНИЕ ОРГАНИЗАЦИИ - АЛЬТЕРНАТИВНАЯ ОТВЕТСТВЕННОСТЬ
Начальный элемент ввода Андижанская уездная комиссия по борьбе с дезертирством
Системный номер авторитетной/нормативной записи 655299
Идентификатор авторитетной/нормативной записи RU\NLR\AUTH\880497741
852 00 - МЕСТОНАХОЖДЕНИЕ И ШИФР ХРАНЕНИЯ
Идентификатор организации NLR
Наименование фонда или коллекции (Sub-Location Identifier) ФЛ
Шифр хранения (Call Number) 58/110
942 ## - ДОПОЛНИТЕЛЬНЫЕ ЭЛЕМЕНТЫ ЗАПИСИ (АБИС)
Тип экземпляра АБИС Книга
980 ## - КОЛЛЕКЦИЯ
Название коллекции Национальная библиография
981 21 - КОЛЛЕКЦИЯ ЭЛЕКТРОННОЙ БИБЛИОТЕКИ
Название коллекции Листовки
Название подколлекции

Нет доступных экземпляров.